Word Ladder: Goodbye Quiz Stats

Quiz Updated Jun 12, 2018

Challenge
Share
Tweet
Embed
Score 0/16 Timer 02:00
0 Plays Today
Clue Answer % Correct
A mile has 5,280 of themFEET
92.9%
Show and ____TELL
92.5%
Money to ride the bus•FARE•
91.3%
Hole in the ground for drawing water•WELL•
90.5%
Football squadTEAM
87.9%
Payments made to a doctor or lawyerFEES
81.9%
Depiction of one's genealogyTREE
81.5%
WorryFRET
81.1%
Clue Answer % Correct
'There's gold in ____ thar hills!'THEM
80.6%
You, archaically•THEE•
79.6%
Small duckTEAL
77.2%
GratisFREE
76.9%
One of the classical elementsFIRE
73.8%
Swarm (with)TEEM
70.4%
Some evergreensFIRS
65%
Interjections of disgustFIES
57.6%

Today's Daily Dose

You're not logged in!

Compare scores with friends on all Sporcle quizzes.
Join for Free
OR
Log In

You Might Also Like...

Show Comments

Extras

Top Quizzes Today


Score Distribution

Your Account Isn't Verified!

In order to create a playlist on Sporcle, you need to verify the email address you used during registration. Go to your Sporcle Settings to finish the process.

Report this User

Report this user for behavior that violates our Community Guidelines.

Details: